[Event "Llinars del Valles op-A 10th"]
[Site "Llinars del Valles"]
[Date "2016.04.16"]
[Round "3"]
[White "Lopez Pajuelo, Aleix"]
[Black "Garcia Cano, Antonio"]
[Result "0-1"]
[WhiteElo "1903"]
[BlackElo "2211"]
[PlyCount "90"]
[EventDate "2016.04.02"]
[EventType "swiss"]
[EventRounds "9"]
[EventCountry "ESP"]
[SourceTitle "CBM 172 Extra"]
[Source "ChessBase"]
[SourceDate "2016.06.21"]
[SourceVersion "1"]
[SourceVersionDate "2016.06.21"]
[SourceQuality "1"]

1. e4 e5 2. Nf3 d6 3. d4 exd4 4. c3 Nf6 5. Qc2 d3 6. Bxd3 Be7 7. 0-0 0-0 8. Nbd2 Nbd7 9. Nd4 Re8 10. N2b3 Ne5 11. Be2 Ng6 12. f4 Bf8 13. Nd2 c5 14. N4b3 Bd7 15. a4 Bc6 16. Bd3 Ng4 17. Nf3 Qc7 18. h3 Nf6 19. f5 Ne5 20. Nxe5 Rxe5 21. Bf4 Rxe4 22. Bxe4 Bxe4 23. Qf2 Qb6 24. Nc1 d5 25. Be3 Rd8 26. Rd1 Qc6 27. Ne2 Bc2 28. Rdc1 Bxa4 29. Nf4 Bb5 30. Rxa7 Ba6 31. b4 Ne4 32. Qh4 Re8 33. b5 Bxb5 34. Raa1 Nd6 35. f6 Rxe3 36. fxg7 Bxg7 37. Qd8+ Re8 38. Qg5 Ne4 39. Qxd5 Nxc3 40. Qf5 Ne4 41. Qg4 Kh8 42. Ra2 Bd4+ 43. Kh2 Rg8 44. Qh5 Qc7 45. Qf5 Ng3 0-1

[Event "Roncana op 6th"]
[Site "Santa Eulalia de Roncana"]
[Date "2012.10.27"]
[Round "3"]
[White "Garcia Cano, Antonio"]
[Black "Rojano Alfonso, Carlos"]
[Result "1-0"]
[WhiteElo "2245"]
[BlackElo "2124"]
[PlyCount "97"]
[EventDate "2012.10.06"]
[EventType "swiss"]
[EventRounds "8"]
[EventCountry "ESP"]
[SourceTitle "EXT 2014"]
[Source "ChessBase"]
[SourceDate "2013.11.20"]
[SourceVersion "1"]
[SourceVersionDate "2013.11.20"]
[SourceQuality "1"]

1. Nf3 f5 2. d4 Nf6 3. g3 g6 4. Bg2 Bg7 5. c4 0-0 6. Nc3 Qe8 7. 0-0 d6 8. b3 e5 9. dxe5 dxe5 10. e4 Nc6 11. Nd5 Nxd5 12. cxd5 Nd8 13. Ba3 Rf6 14. Rc1 c6 15. exf5 Bxf5 16. Re1 Bg4 17. h3 Bxf3 18. Bxf3 Qf7 19. Kg2 Kh8 20. Bb2 Rxf3 21. Qxf3 Qxf3+ 22. Kxf3 e4+ 23. Rxe4 Bxb2 24. Re8+ Kg7 25. Rce1 cxd5 26. R1e7+ Kh6 27. Rd7 Nc6 28. Rxa8 Ne5+ 29. Ke2 Nxd7 30. Rxa7 Nc5 31. b4 Ne4 32. Rxb7 Nc3+ 33. Kd3 Nxa2 34. Kc2 Bd4 35. f4 Be3 36. Kb2 Nc1 37. Re7 Bd2 38. b5 Bb4 39. Rd7 Nd3+ 40. Kc2 Nf2 41. b6 Bc5 42. b7 Ba7 43. Rxd5 Nxh3 44. Ra5 Bb8 45. Ra8 Bc7 46. Rc8 Bd6 47. Kd3 Kg7 48. Ke4 Kf6 49. Rc6 1-0

[Event "Roncana op 6th"]
[Site "Santa Eulalia de Roncana"]
[Date "2012.10.06"]
[Round "1"]
[White "Garcia Cano, Antonio"]
[Black "Centelles Vivas, Aleix"]
[Result "1-0"]
[WhiteElo "2245"]
[BlackElo "1735"]
[PlyCount "61"]
[EventDate "2012.10.06"]
[EventType "swiss"]
[EventRounds "8"]
[EventCountry "ESP"]
[SourceTitle "EXT 2014"]
[Source "ChessBase"]
[SourceDate "2013.11.20"]
[SourceVersion "1"]
[SourceVersionDate "2013.11.20"]
[SourceQuality "1"]

1. Nf3 d5 2. c4 d4 3. g3 c5 4. Bg2 Nc6 5. d3 e5 6. 0-0 Bd6 7. e3 Nge7 8. exd4 exd4 9. Re1 0-0 10. Nbd2 Bf5 11. Ne4 Bxe4 12. Rxe4 f5 13. Re1 h6 14. a3 f4 15. Qe2 fxg3 16. hxg3 Qc7 17. Qe6+ Kh8 18. Qh3 Rf6 19. Bg5 Rg6 20. Re4 Rf8 21. Bxe7 Nxe7 22. Rae1 Rgf6 23. Ng5 Qb6 24. Rxe7 Bxe7 25. Rxe7 Rxf2 26. Re6 Qc7 27. Rxh6+ gxh6 28. Qxh6+ Kg8 29. Bd5+ R8f7 30. Qg6+ Kf8 31. Ne6+ 1-0

[Event "Llinars del Valles op-A 6th"]
[Site "Llinars del Valles"]
[Date "2012.05.12"]
[Round "5"]
[White "Parals Marce, Luis"]
[Black "Garcia Cano, Antonio"]
[Result "1-0"]
[WhiteElo "1995"]
[BlackElo "2261"]
[PlyCount "63"]
[EventDate "2012.04.14"]
[EventType "swiss"]
[EventRounds "9"]
[EventCountry "ESP"]
[SourceTitle "EXT 2013"]
[Source "ChessBase"]
[SourceDate "2012.11.22"]
[SourceVersion "1"]
[SourceVersionDate "2012.11.22"]
[SourceQuality "1"]

1. d4 Nf6 2. Nf3 d6 3. g3 Nbd7 4. Bg2 e5 5. c4 Be7 6. 0-0 0-0 7. Nc3 c6 8. e4 Re8 9. h3 Bf8 10. Be3 a6 11. a4 a5 12. Qc2 exd4 13. Nxd4 Nc5 14. Rad1 Na6 15. f4 Qc7 16. f5 Nd7 17. Kh1 Nb4 18. Qe2 Ne5 19. g4 b6 20. b3 Ba6 21. Qf2 Qd8 22. g5 Nbd3 23. Qg3 Bb7 24. Rd2 d5 25. exd5 Bd6 26. Qh4 cxd5 27. Nxd5 Nc5 28. Nb5 Kh8 29. Nf6 Bxg2+ 30. Rxg2 gxf6 31. gxf6 Ncd3 32. Rg7 1-0

[Event "Barcelona Tona op 1st"]
[Site "Barcelona"]
[Date "2011.12.07"]
[Round "5"]
[White "Garcia Cano, Antonio"]
[Black "Vidarte Morales, Arturo"]
[Result "1/2-1/2"]
[WhiteElo "2341"]
[BlackElo "2393"]
[PlyCount "49"]
[EventDate "2011.12.05"]
[EventType "swiss"]
[EventRounds "8"]
[EventCountry "ESP"]
[SourceTitle "CBM 145 Extra"]
[Source "ChessBase"]
[SourceDate "2012.01.03"]
[SourceVersion "1"]
[SourceVersionDate "2012.01.03"]
[SourceQuality "1"]

1. e4 c5 2. c3 e6 3. d3 Nc6 4. Nf3 d5 5. Nbd2 Nge7 6. Be2 g6 7. 0-0 Bg7 8. exd5 exd5 9. Nb3 b6 10. d4 c4 11. Nbd2 0-0 12. b3 cxb3 13. axb3 Nf5 14. Re1 Nd6 15. Bd3 a5 16. Nf1 Bf5 17. Ba3 Bxd3 18. Qxd3 Re8 19. Rxe8+ Nxe8 20. Re1 Nc7 21. Ne5 Nxe5 22. dxe5 Bf8 23. Bxf8 Kxf8 24. Ne3 b5 25. Ng4 1/2-1/2

[Event "Barcelona Tona op 1st"]
[Site "Barcelona"]
[Date "2011.12.06"]
[Round "4"]
[White "Montilla Carrillo, Esteban"]
[Black "Garcia Cano, Antonio"]
[Result "0-1"]
[WhiteElo "2299"]
[BlackElo "2341"]
[PlyCount "134"]
[EventDate "2011.12.05"]
[EventType "swiss"]
[EventRounds "8"]
[EventCountry "ESP"]
[SourceTitle "CBM 145 Extra"]
[Source "ChessBase"]
[SourceDate "2012.01.03"]
[SourceVersion "1"]
[SourceVersionDate "2012.01.03"]
[SourceQuality "1"]

1. c4 e5 2. g3 Nf6 3. Bg2 Be7 4. Nc3 0-0 5. d3 c6 6. Nf3 d6 7. 0-0 Nbd7 8. e4 a6 9. Nh4 g6 10. f4 exf4 11. gxf4 Re8 12. Nf3 Bf8 13. Kh1 Bg7 14. Be3 b5 15. cxb5 cxb5 16. Bg1 Bb7 17. Qd2 Rc8 18. Rae1 b4 19. Ne2 a5 20. Ned4 Nc5 21. e5 Ng4 22. exd6 Qxd6 23. h3 Nh6 24. Rxe8+ Rxe8 25. Rc1 Ne6 26. Re1 Nc7 27. Nb5 Qd7 28. Nxc7 Rxe1 29. Qxe1 Bxf3 30. Qe8+ Qxe8 31. Nxe8 Bxg2+ 32. Kxg2 Bxb2 33. Bc5 Nf5 34. Kf3 Nd4+ 35. Ke3 Ne6 36. Bd6 f5 37. Be5 Bc1+ 38. Kf3 a4 39. Nd6 b3 40. axb3 axb3 41. Nc4 Kf7 42. Bb2 Bxf4 43. Na5 Bc7 44. Nxb3 Nf4 45. h4 Nxd3 46. Bd4 h6 47. Be3 Ne5+ 48. Kg2 Ng4 49. Bd2 Bb6 50. Kf3 Kf6 51. Nc1 Ne5+ 52. Kg3 g5 53. hxg5+ hxg5 54. Ne2 Bc7 55. Bc3 Kg6 56. Kh3 g4+ 57. Kg2 Nd3 58. Bd2 f4 59. Nxf4+ Bxf4 60. Ba5 Kf5 61. Bb6 Ke4 62. Ba7 Ne5 63. Bb6 Nc4 64. Ba7 Ne3+ 65. Kf2 g3+ 66. Kg1 Kf3 67. Bb6 Ng4 0-1

[Event "Barcelona Tona op 1st"]
[Site "Barcelona"]
[Date "2011.12.05"]
[Round "1"]
[White "Garcia Cano, Antonio"]
[Black "Gimbert Arumi, Miquel"]
[Result "1-0"]
[WhiteElo "2341"]
[BlackElo "1899"]
[PlyCount "23"]
[EventDate "2011.12.05"]
[EventType "swiss"]
[EventRounds "8"]
[EventCountry "ESP"]
[SourceTitle "CBM 145 Extra"]
[Source "ChessBase"]
[SourceDate "2012.01.03"]
[SourceVersion "1"]
[SourceVersionDate "2012.01.03"]
[SourceQuality "1"]

1. e4 d6 2. d4 g6 3. Nc3 Bg7 4. Be3 a6 5. a4 b6 6. Nf3 Nd7 7. Bc4 Ngf6 8. e5 dxe5 9. dxe5 Ng4 10. Bxf7+ Kxf7 11. Ng5+ Kg8 12. Qd5+ 1-0

[Event "Catalunya-chT"]
[Site "Barcelona"]
[Date "2011.04.09"]
[Round "11.6"]
[White "Guasch Sariol, Jaume"]
[Black "Garcia Cano, Antonio"]
[Result "1-0"]
[WhiteElo "2119"]
[BlackElo "2287"]
[PlyCount "125"]
[EventDate "2011.01.29"]
[EventType "team-tourn"]
[EventRounds "11"]
[EventCountry "ESP"]
[SourceTitle "EXT 2012"]
[Source "ChessBase"]
[SourceDate "2011.11.24"]
[SourceVersion "1"]
[SourceVersionDate "2011.11.24"]
[SourceQuality "1"]
[WhiteTeam "Cerdanyola Valles"]
[BlackTeam "Montcada"]
[WhiteTeamCountry "ESP"]
[BlackTeamCountry "ESP"]

1. d4 Nf6 2. c4 d6 3. Nc3 e5 4. dxe5 dxe5 5. Qxd8+ Kxd8 6. Bg5 Be6 7. 0-0-0+ Kc8 8. e3 Nc6 9. Nf3 Nd7 10. Be2 f6 11. Bh4 h5 12. h3 Nb6 13. Nd2 Bb4 14. g4 g5 15. Bg3 h4 16. Bh2 a5 17. Nce4 Nd7 18. Rhf1 Be7 19. Nb1 Nb6 20. b3 a4 21. Nbc3 axb3 22. axb3 Ra3 23. Nd5 Bxd5 24. cxd5 Na5 25. d6 cxd6 26. Nxd6+ Kb8 27. b4 Bxd6 28. Rxd6 Ra1+ 29. Kc2 Rc8+ 30. Kd3 Ra3+ 31. Ke4 Nac4 32. Rxf6 Nd2+ 33. Kf5 Nxf1 34. Bxe5+ Ka8 35. Rxb6 Nd2 36. Rb5 Rf8+ 37. Kxg5 Rxf2 38. Bd1 Rf1 39. Bc2 Nf3+ 40. Kh5 Nxe5 41. Rxe5 Ra2 42. Be4 Rb2 43. Rb5 Rf7 44. Kxh4 Rb3 45. Bg6 Rg7 46. Kg5 Rxe3 47. h4 Rh3 48. h5 Ka7 49. h6 Rc7 50. Rf5 Kb6 51. Rf7 Rc4 52. h7 Rc8 53. Be4 Re8 54. Bxb7 Kb5 55. Kg6 Kxb4 56. g5 Kc5 57. Kg7 Re5 58. g6 Rg5 59. Be4 Kd4 60. Bf5 Rhh5 61. h8Q Rxh8 62. Kxh8 Ke5 63. g7 1-0

[Event "Catalunya-chT"]
[Site "Barcelona"]
[Date "2011.02.05"]
[Round "2"]
[White "Garcia Cano, Antonio"]
[Black "Coll Ortega, Jordi"]
[Result "0-1"]
[WhiteElo "2287"]
[BlackElo "2283"]
[PlyCount "148"]
[EventDate "2011.01.29"]
[EventType "team-tourn"]
[EventRounds "11"]
[EventCountry "ESP"]
[SourceTitle "EXT 2012"]
[Source "ChessBase"]
[SourceDate "2011.11.24"]
[SourceVersion "1"]
[SourceVersionDate "2011.11.24"]
[SourceQuality "1"]
[WhiteTeam "Montcada"]
[BlackTeam "Lleida"]
[WhiteTeamCountry "ESP"]
[BlackTeamCountry "ESP"]

1. e4 c5 2. Nf3 e6 3. d4 cxd4 4. Nxd4 Nc6 5. Nc3 Qc7 6. Be3 a6 7. Be2 Nf6 8. a3 b5 9. Nxc6 dxc6 10. f4 Be7 11. e5 Nd5 12. Nxd5 exd5 13. 0-0 Bf5 14. c3 0-0 15. Qe1 f6 16. exf6 Bxf6 17. Qf2 Rae8 18. Rfe1 Re6 19. Bf3 Rfe8 20. g3 Qf7 21. Bc5 Qg6 22. Rxe6 Rxe6 23. Re1 Be4 24. Re2 Qf5 25. Qe1 h5 26. Bxe4 dxe4 27. Be3 Rd6 28. Rd2 Rd3 29. Rxd3 exd3 30. Bd4 Bxd4+ 31. cxd4 c5 32. dxc5 Qxc5+ 33. Kf1 Qd5 34. Qe8+ Kh7 35. Ke1 Qh1+ 36. Kd2 Qxh2+ 37. Kxd3 Qxg3+ 38. Ke2 Qg2+ 39. Ke3 Qd5 40. Kf2 Qf5 41. Ke3 Qd5 42. Kf2 Qd4+ 43. Kg2 Qxb2+ 44. Kg3 Qxa3+ 45. Kg2 Qb2+ 46. Kh1 Qc1+ 47. Kg2 Qxf4 48. Qxh5+ Qh6 49. Qc5 Qd2+ 50. Kg1 Qe1+ 51. Kg2 Qe4+ 52. Kf2 b4 53. Qc8 Qd4+ 54. Ke2 Qb2+ 55. Kf1 Qb1+ 56. Kf2 Qd3 57. Qe8 Qf5+ 58. Ke3 b3 59. Qb8 Qb5 60. Qh2+ Kg8 61. Qd6 b2 62. Qe6+ Kf8 63. Qd6+ Ke8 64. Qe6+ Kd8 65. Qd6+ Kc8 66. Qf8+ Kc7 67. Qxg7+ Kb6 68. Qf6+ Ka5 69. Qc3+ Ka4 70. Qd4+ Ka3 71. Qd6+ Ka2 72. Qh2 Qb6+ 73. Ke4 Qb4+ 74. Kd5 Ka3 0-1

[Event "Santa Eulalia de Roncana 3rd"]
[Site "Santa Eulalia de Roncana"]
[Date "2009.11.21"]
[Round "8.1"]
[White "Garcia Cano, Antonio"]
[Black "Fabre Massana, Miquel"]
[Result "0-1"]
[WhiteElo "2284"]
[BlackElo "2150"]
[PlyCount "72"]
[EventDate "2009.10.03"]
[EventType "swiss"]
[EventRounds "9"]
[EventCountry "ESP"]
[SourceTitle "EXT 2024"]
[Source "ChessBase"]
[SourceDate "2023.10.10"]
[SourceVersion "1"]
[SourceVersionDate "2023.10.10"]
[SourceQuality "1"]

1. e4 c5 2. Nf3 Nc6 3. Nc3 d6 4. d4 cxd4 5. Nxd4 Nf6 6. f4 e5 7. Nf3 Be7 8. f5 a6 9. Bg5 Ng4 10. Qd2 Bxg5 11. Nxg5 0-0 12. 0-0-0 b5 13. Nd5 Bb7 14. Nf3 Nd4 15. h3 Bxd5 16. hxg4 Bxe4 17. Nxd4 exd4 18. Qf4 Re8 19. Rxd4 d5 20. Bd3 Qf6 21. c3 Rac8 22. Kd2 h6 23. Bxe4 Rxe4 24. Rxe4 dxe4 25. Qxe4 Rc4 26. Qf3 Qg5+ 27. Kc2 Rxg4 28. Rg1 Rf4 29. Qa8+ Kh7 30. g4 Rf2+ 31. Kb3 Qd2 32. Kb4 Qxb2+ 33. Ka5 Qxc3+ 34. Kb6 Qd4+ 35. Kb7 Qd5+ 36. Kb8 Qxa8+ 0-1

[Event "Santa Eulalia de Roncana 3rd"]
[Site "Santa Eulalia de Roncana"]
[Date "2009.10.03"]
[Round "1.1"]
[White "Nievas Martinez, Josep"]
[Black "Garcia Cano, Antonio"]
[Result "0-1"]
[WhiteElo "1581"]
[BlackElo "2284"]
[PlyCount "60"]
[EventDate "2009.10.03"]
[EventType "swiss"]
[EventRounds "9"]
[EventCountry "ESP"]
[SourceTitle "EXT 2024"]
[Source "ChessBase"]
[SourceDate "2023.10.10"]
[SourceVersion "1"]
[SourceVersionDate "2023.10.10"]
[SourceQuality "1"]

1. c4 e5 2. Nc3 Nf6 3. d3 c6 4. Nf3 d6 5. g3 g6 6. Bg2 Bg7 7. 0-0 0-0 8. Bd2 Re8 9. Qc2 d5 10. cxd5 cxd5 11. e3 Nc6 12. Rfe1 e4 13. dxe4 dxe4 14. Ng5 Bf5 15. a3 Qe7 16. Rad1 h6 17. Nh3 Ne5 18. Nf4 Rac8 19. Qa4 Bg4 20. Rc1 Red8 21. Nxe4 Nxe4 22. Qxe4 Rxd2 23. Rxc8+ Bxc8 24. Rc1 Qd8 25. b4 Rd1+ 26. Rxd1 Qxd1+ 27. Bf1 Nf3+ 28. Kg2 Qxf1+ 29. Kxf1 Nd2+ 30. Ke2 Nxe4 0-1

[Event "Roncana op 1st"]
[Site "Santa Eulalia de Roncana"]
[Date "2007.09.22"]
[Round "2"]
[White "Melich Martinez, Josep"]
[Black "Garcia Cano, Antonio"]
[Result "1-0"]
[WhiteElo "1893"]
[BlackElo "2291"]
[PlyCount "177"]
[EventDate "2007.09.15"]
[EventType "swiss"]
[EventRounds "9"]
[EventCountry "ESP"]
[SourceTitle "EXT 2009"]
[Source "ChessBase"]
[SourceDate "2008.11.26"]
[SourceVersion "1"]
[SourceVersionDate "2008.11.26"]
[SourceQuality "1"]

1. d4 Nf6 2. c4 c5 3. Nf3 cxd4 4. Nxd4 e5 5. Nb5 d5 6. cxd5 Bc5 7. d6 Na6 8. N1c3 0-0 9. e3 Bg4 10. Be2 Bxe2 11. Qxe2 Bxd6 12. Nxd6 Qxd6 13. 0-0 e4 14. b3 Rfd8 15. Rd1 Qc6 16. Bb2 Nb4 17. Na4 Nd3 18. Bd4 b6 19. Nb2 Nb4 20. Rac1 Qe6 21. a3 Nbd5 22. Rc2 h6 23. Rdc1 Rac8 24. Qa6 Rxc2 25. Rxc2 Qe7 26. h3 Kh7 27. b4 Rd7 28. Qc8 Ne8 29. Qc4 f5 30. Qb3 Qe6 31. Nd1 Qd6 32. Nc3 Ndc7 33. Ne2 Ne6 34. Qb2 Rc7 35. Rxc7 Qxc7 36. Be5 Qd7 37. Nd4 Ng5 38. Qc3 Nf7 39. Bg3 Nf6 40. Qc6 Kg6 41. Bb8 Qe7 42. Qc7 Qxc7 43. Bxc7 Nd5 44. Bb8 a6 45. Kf1 Kf6 46. Ke1 g6 47. Kd2 Nd8 48. f4 b5 49. Be5+ Ke7 50. g4 fxg4 51. hxg4 Nb6 52. Bg7 Nc4+ 53. Ke2 h5 54. gxh5 gxh5 55. Nf5+ Ke6 56. Ng3 Kd5 57. Nxh5 Nxa3 58. Bf8 Nc6 59. Nf6+ Kc4 60. Nxe4 Nxb4 61. Nd2+ Kc3 62. f5 Nd3 63. Bxa3 Ne5 64. Ne4+ Kb3 65. Be7 Kc4 66. Nd6+ Kd5 67. e4+ Kc6 68. Kd2 b4 69. Kc2 a5 70. f6 Kd7 71. Kb3 Nc6 72. Nc4 Nd4+ 73. Ka4 b3 74. Kxa5 Ne2 75. Kb4 Nc1 76. Kc3 Ke6 77. Nd2 Ne2+ 78. Kxb3 Nd4+ 79. Kc4 Nc6 80. Kc5 Ne5 81. Kb6 Kd7 82. Nb3 Nc4+ 83. Kb7 Ke6 84. Nc5+ Kf7 85. Kc7 Ne5 86. Nd7 Ke8 87. Nf8 Kf7 88. Nh7 Nf3 89. Kd6 1-0

[Event "Castellar op 16th"]
[Site "Castellar"]
[Date "2007.07.23"]
[Round "8"]
[White "Munoz Pantoja, Miguel Angel"]
[Black "Garcia Cano, Antonio"]
[Result "1/2-1/2"]
[WhiteElo "2452"]
[BlackElo "2291"]
[PlyCount "26"]
[EventDate "2007.07.13"]
[EventType "swiss"]
[EventRounds "9"]
[EventCountry "ESP"]
[SourceTitle "CBM 119 Extra"]
[Source "ChessBase"]
[SourceDate "2007.09.04"]
[SourceVersion "1"]
[SourceVersionDate "2007.09.04"]
[SourceQuality "1"]

1. e4 c5 2. g3 d5 3. exd5 Qxd5 4. Nf3 Nc6 5. Bg2 Qe6+ 6. Kf1 g6 7. d3 Bg7 8. Nc3 Nf6 9. Be3 b6 10. d4 Ng4 11. Ng5 Nxe3+ 12. fxe3 Qf6+ 13. Qf3 Qxf3+ 1/2-1/2

[Event "Castellar op 16th"]
[Site "Castellar"]
[Date "2007.07.20"]
[Round "5"]
[White "Rios Parra, Alejandro"]
[Black "Garcia Cano, Antonio"]
[Result "1-0"]
[WhiteElo "2341"]
[BlackElo "2291"]
[PlyCount "103"]
[EventDate "2007.07.13"]
[EventType "swiss"]
[EventRounds "9"]
[EventCountry "ESP"]
[SourceTitle "CBM 119 Extra"]
[Source "ChessBase"]
[SourceDate "2007.09.04"]
[SourceVersion "1"]
[SourceVersionDate "2007.09.04"]
[SourceQuality "1"]

1. e4 e5 2. Nf3 d6 3. d4 exd4 4. Nxd4 Nf6 5. Nc3 Be7 6. Be2 0-0 7. 0-0 Re8 8. f4 c6 9. Bf3 Bf8 10. Kh1 Na6 11. Nb3 Nc7 12. Be3 d5 13. e5 Nd7 14. Qd2 f6 15. exf6 Nxf6 16. Bc5 b6 17. Bxf8 Kxf8 18. Nd4 Qd6 19. f5 Ba6 20. Rf2 Rad8 21. Rd1 Kg8 22. Qg5 Re5 23. g4 Rde8 24. a3 c5 25. Nde2 d4 26. Ng3 Re1+ 27. Kg2 Ncd5 28. Nxd5 Nxd5 29. Rxe1 Rxe1 30. Nh5 Re7 31. f6 Ne3+ 32. Kg1 Rf7 33. fxg7 h6 34. Qh4 d3 35. cxd3 Qxd3 36. h3 Rxf3 37. Rxf3 Qd1+ 38. Kh2 Nf1+ 39. Rxf1 Bxf1 40. Qf2 Qe2 41. Kg1 Qxf2+ 42. Kxf2 Bxh3 43. Kf3 Bf1 44. Ke4 Bc4 45. Ke5 Bf7 46. Kf6 c4 47. Ng3 c3 48. bxc3 b5 49. Nf5 Bb3 50. Nxh6+ Kh7 51. g5 a5 52. Nf5 1-0